[Event "52nd ACCENTUS Biel Rapid 2019"]
[Site "Biel"]
[Date "2019.07.21"]
[Round "3.3"]
[White "Shankland, Sam"]
[Black "Abdusattorov, Nodirbek"]
[Result "1/2-1/2"]
[WhiteElo "2713"]
[BlackElo "2598"]
[Annotator "TA"]
[PlyCount "194"]
[EventDate "2019.07.21"]
[EventType "tourn"]
[EventCountry "SUI"]
[SourceTitle "playchess.com"]
[Source "ChessBase"]
[SourceQuality "1"]

{[%evp 21,194,17,25,16,11,0,0,0,0,0,0,0,0,-38,-20,-43,-23,-30,-40,-27,-28,-37,85,49,91,39,36,68,50,0,0,3,13,15,18,0,22,23,13,14,29,17,19,23,20,0,7,10,21,14,26,7,15,17,18,12,43,35,43,25,47,47,47,48,125,116,127,77,78,69,95,95,95,95,99,99,104,98,112,112,113,95,106,45,64,47,48,31,43,26,31,31,31,31,32,26,50,30,25,0,0,-14,-14,-14,-15,-14,-14,-14,-12,-16,-8,-8,-7,-7,-3,-7,-7,-7,-6,-3,-3,-7,-6,-8,-8,-8,0,-8,-7,-8,-7,-7,0,0,0,0,0,0,0,0,8,-7,0,0,0,0,0,0,0,0,0,0,0,0,0,0,0,0,0,0,0,0,0,0,0,0,0,0,8,0,0,0,24,24,24]} 1. d4 Nf6 2. c4 e6 3. Nf3 b6 4. g3 Bb7 5. Bg2 Be7 6. O-O O-O 7. b3 d5 8. cxd5 exd5 9. Nc3 Nbd7 10. Bb2 Re8 11. Rc1 a6 12. e3 {E17: Queen's Indian: 4 g3 Bb7 5 Bg2 Be7} Bd6 13. Ne1 Ne4 (13... Qe7 14. Nd3 {½-½ (42) Nihal,S (2578)-Kryakvin,D (2588) chess.com INT 2019}) 14. Nd3 {The position is equal.} Nxc3 $146 ({Predecessor:} 14... Ndf6 15. b4 Qe7 16. Qb3 Nd2 17. Qa4 Nxf1 18. Kxf1 c6 19. Ne2 h5 20. Qb3 Ne4 21. Rc2 a5 22. bxa5 Rxa5 23. a4 Ba6 24. Nec1 Bc4 {0-1 (24) Anikonov,D (2000)-Volontinas,I (2167) Krasnoyarsk 2011}) 15. Rxc3 Qe7 16. b4 Nf6 17. Qb3 a5 {[%cal Ra5b4]} 18. a3 Ne4 {Threatens to win with ...axb4.} 19. Rc2 $1 a4 20. Qa2 Ba6 21. Rd1 Bc4 (21... Qe6 $15 {stays ahead.}) 22. Rxc4 $16 dxc4 23. Qxc4 (23. Ne5 $16 Nxf2 24. Kxf2) 23... Rad8 $14 24. Qc2 c5 25. bxc5 ({Much weaker is} 25. Qxa4 c4 $15) 25... bxc5 26. Qxa4 cxd4 27. Qxd4 {[%csl Gb2][%cal Rd4g7] [#]} Nf6 28. Qa4 Rb8 29. Qa6 Red8 30. a4 Bc5 $1 31. Bxf6 Qxf6 32. Qxf6 gxf6 33. Bc6 Rb3 34. Bb5 Bf8 35. Kf1 Ra3 36. Rd2 f5 37. Ke2 Bg7 38. Rc2 Rc3 39. Ra2 Rb3 40. Nf4 Rb2+ 41. Rxb2 Bxb2 {[%mdl 4096] Endgame KRB-KBN} 42. a5 {[%cal Ba4a5,Ba5a6][%mdl 32]} Ba3 (42... Rb8 $14 43. Bd3 Rb3) 43. a6 $16 Bc5 44. Bd3 Rd6 45. Ng2 Rb6 46. Nh4 f4 47. gxf4 Rb2+ 48. Kf3 Ra2 49. Nf5 Ra4 50. Ng3 Kg7 51. Ne4 Bb4 52. f5 ({White should play} 52. Bb5 $16 Ra5 53. Bc4) 52... Ra5 53. Kf4 f6 54. Ng3 Kf7 55. Ke4 Bd6 56. Ne2 Ke7 57. Nd4 {[#] aiming for Nc6+.} Kd7 $1 58. f4 Bc7 59. Bb5+ Kd6 60. Bc4 Bb6 61. Nc2 Ra4 62. Kd3 Kc5 63. Bg8 h6 64. Nd4 Rxa6 65. Ke4 Kd6 66. Nb5+ Ke7 67. Nc3 Kf8 68. Be6 Ra3 69. Nd5 Ba7 70. h4 Kg7 71. Kf3 Bc5 72. Ke4 Ra1 73. Kf3 Ra3 74. Ke4 h5 75. Kf3 Ba7 76. Bd7 Bc5 77. Be8 Rd3 78. Ke4 Rd1 79. Bxh5 Rh1 80. Nc7 Rxh4 81. Bg6 {Strongly threatening Ne6+.} Be7 82. Kd5 Rh3 83. e4 Rc3 {...Rc5+ is the strong threat.} 84. Ne6+ Kg8 85. e5 Ra3 86. Nd4 Kf8 87. Nc6 Rc3 {White must now prevent ...Rc5+.} 88. Nd4 Ra3 89. Ne6+ Kg8 90. Kc6 Rd3 91. Nc7 Kf8 92. Nd5 Rd4 93. exf6 Ba3 94. f7 Kg7 95. Nb6 Rxf4 96. Nd7 Rxf5 97. Bxf5 {Hoping for Be6.} Kxf7 {Accuracy: White = 62%, Black = 67%.} 1/2-1/2

[Event "52nd ACCENTUS Biel Rapid 2019"]
[Site "Biel"]
[Date "2019.07.21"]
[Round "3.4"]
[White "Cori, Jorge"]
[Black "Maghsoodloo, Parham"]
[Result "0-1"]
[WhiteElo "2686"]
[BlackElo "2656"]
[Annotator "TA"]
[PlyCount "60"]
[EventDate "2019.07.21"]
[EventType "tourn"]
[EventCountry "SUI"]
[SourceTitle "playchess.com"]
[Source "ChessBase"]
[SourceQuality "1"]

{[%evp 14,66,60,52,65,50,65,26,31,26,24,16,32,0,0,0,0,0,-2,-10,0,-2,-4,-20,-22,-39,-15,0,14,-63,-64,-73,-31,-45,-31,-31,-31,-31,-11,-19,0,0,0,0,0,-30,337,136,131,129,132,0,0,-130,-65]} 1. d4 f5 2. Nf3 Nf6 3. c4 e6 4. Nc3 c6 5. Bf4 d5 6. e3 Be7 7. Be2 O-O 8. O-O Nh5 {A84: Dutch Defence: 2 c4 Miscellaneous} (8... Nbd7 9. h3 Ne4 10. Bh2 b6 11. Qc2 Bb7 12. Rab1 a5 13. Rbc1 Rc8 14. Qb3 Bd6 15. Bxd6 Nxd6 16. cxd5 exd5 {0-1 (29) Gordievsky,D (2614)-Tsoi,D (2424) St Petersburg 2018}) 9. Be5 Nd7 10. cxd5 exd5 {White has an edge.} 11. Qc2 $146 ({Predecessor:} 11. Rc1 Nxe5 12. Nxe5 Nf6 13. Na4 Ne4 14. f3 Nd6 15. Nc5 f4 16. e4 dxe4 17. fxe4 {½-½ (42) Osorio,A (1964)-Torres,J (2078) Villamaria 2016}) 11... Nhf6 12. Rab1 a5 13. a3 Ne4 14. h3 Nxe5 15. Nxe5 Bd6 16. f4 Qe7 17. Bd3 Be6 18. Na4 g5 19. Rbe1 Kh8 20. Bxe4 dxe4 21. g3 (21. Qc3 $11 Bd5 22. Nb6) 21... Rg8 22. Kh2 Rg7 23. Qf2 Rag8 24. Rg1 Bf7 25. Nc3 Bh5 26. g4 fxg4 {aiming for ...gxf4.} 27. Nxe4 gxf4 28. exf4 Bc7 29. f5 {Threatens to win with f6.} ({But not} 29. Nxg4 $2 Bxg4 30. hxg4 Rxg4 $19) 29... gxh3 $2 {[%mdl 8192]} (29... Bxe5+ $11 30. dxe5 Qxe5+ 31. Ng3 Qb8) 30. Ng3 (30. f6 $1 $18 {[%cal Rf6e7] is the precise move to win.} Rxg1 31. fxe7 R1g2+ 32. Qxg2 (32. Kxh3 Rxf2 33. Nxf2 Re8 $11) 32... hxg2 33. Nf6 {[%mdl 64] Double Attack}) 30... Qh4 {Played: Qe7-f8} 0-1

[Event "52nd ACCENTUS Biel Rapid 2019"]
[Site "Biel"]
[Date "2019.07.21"]
[Round "4.1"]
[White "Cori, Jorge"]
[Black "Bogner, Sebastian"]
[Result "1-0"]
[WhiteElo "2686"]
[BlackElo "2584"]
[Annotator "TA"]
[PlyCount "53"]
[EventDate "2019.07.21"]
[EventType "tourn"]
[EventCountry "SUI"]
[SourceTitle "playchess.com"]
[Source "ChessBase"]
[SourceQuality "1"]

{[%evp 9,53,16,39,24,25,3,9,9,9,8,11,0,51,50,116,105,102,108,158,160,168,159,187,177,232,230,209,218,222,212,235,230,648,596,647,642,614,477,501,500,475,487,682,678,667,666]} 1. d4 d5 2. Nf3 Nf6 3. c4 c6 4. e3 Bf5 5. Nc3 a6 6. Be2 {D15: Slav Defence: 4 Nc3 a6 and gambit lines after 4 Nc3 dxc4} h6 7. Qb3 Ra7 8. cxd5 {The position is equal.} cxd5 9. Ne5 e6 10. Bd2 Nbd7 (10... Be7 $11) 11. O-O $36 {[%mdl 2048] White fights for an advantage.} Bd6 ({Black should try} 11... Qb8 $14) 12. Nxd7 $1 $16 Nxd7 {[#]} 13. Nxd5 $146 {[%mdl 512]} ({Predecessor:} 13. a4 O-O 14. a5 {0-1 (40) Gelfand,B (2738)-Carlsen,M (2837) Astana 2012}) 13... exd5 14. Qxd5 {[%mdl 64] Double Attack} Qf6 15. e4 Bg6 {...Nb6 is the strong threat.} 16. e5 {[%mdl 64] Overworked Piece} Nxe5 (16... Bxe5 $142 17. dxe5 Qxe5 18. Qxe5+ Nxe5) 17. dxe5 $18 Qxe5 18. Qxe5+ Bxe5 {[#]} 19. Bb4 $1 {aiming for Rad1.} Kd7 20. Rac1 Rd8 $2 (20... Re8 21. Bc4 Bc7 22. Rfd1+ Kc8) 21. Rfd1+ {White is clearly winning.} Ke8 22. Re1 {Threatening mate with Bb5+!} f6 23. Bf1 b6 24. f4 {[%mdl 64] Pin} Rd4 25. Rc4 ({Weaker is} 25. fxe5 Rxb4 26. exf6+ Kf7 $16) 25... Rad7 (25... Rxc4 $142 26. Bxc4 Bf7 27. Bxf7+ (27. fxe5 Bxc4 28. exf6+ Kf7 $16) 27... Kxf7 28. fxe5 fxe5 29. Rxe5 Rc7) 26. fxe5 Rxc4 27. Bxc4 {Accuracy: White = 80%, Black = 44%.} 1-0

[Event "52nd ACCENTUS Biel Rapid 2019"]
[Site "Biel"]
[Date "2019.07.21"]
[Round "4.2"]
[White "Maghsoodloo, Parham"]
[Black "Shankland, Sam"]
[Result "0-1"]
[WhiteElo "2656"]
[BlackElo "2713"]
[Annotator "TA"]
[PlyCount "136"]
[EventDate "2019.07.21"]
[EventType "tourn"]
[EventCountry "SUI"]
[SourceTitle "playchess.com"]
[Source "ChessBase"]
[SourceQuality "1"]

{[%evp 15,136,27,44,24,45,19,39,0,0,0,6,0,0,0,0,-30,-27,-29,-25,-25,-14,-20,0,-7,20,0,8,-89,0,-65,-21,-37,0,0,0,-24,-14,-14,-14,-14,-14,-14,-14,-16,-15,-16,-6,-9,-6,-11,0,0,0,-8,-8,-8,-8,-9,-7,-13,0,0,0,0,0,0,0,0,0,0,0,0,0,0,0,0,8,0,8,0,8,0,0,0,0,-8,0,-47,-47,-47,-47,-47,-47,-47,-47,-47,-47,-47,-47,-47,-47,-47,-47,-54,-46,-139,-32,-32,-32,-32,-32,-32,-32,-46,-46,-46,-8,-241,-241,-233,-47,-29980,-29981]} 1. e4 c5 2. Nf3 e6 3. d4 cxd4 4. Nxd4 Nc6 5. Nc3 Qc7 6. g3 a6 7. Bg2 Nf6 8. O-O d6 9. Re1 {B80: Sicilian Scheveningen: 6 g3 and 6 Be3, including English Attack} (9. Nxc6 bxc6 10. Na4 Rb8 11. c4 c5 12. b3 Be7 13. Bb2 O-O 14. Qe1 Nd7 15. Rd1 Bb7 16. Qc3 Bf6 17. Qd2 Be7 18. Qc3 {1-0 (40) Carlsen,M (2835)-Rapport,R (2731) Wijk aan Zee 2019}) 9... Nd7 10. a4 Be7 11. Nde2 $146 {White is slightly better.} ({Predecessor:} 11. Nxc6 bxc6 12. Bf4 O-O 13. Qd2 Ne5 14. b3 Rd8 15. a5 Bf6 16. Na4 Bb7 {½-½ (36) Bilguun,S (2443)-Mihok,O (2534) Suwalki 2017}) 11... O-O 12. b3 Rb8 13. Bb2 b5 14. axb5 axb5 15. Nf4 b4 16. Na4 Bf6 17. Qd2 Bxb2 18. Nxb2 Nf6 19. Nfd3 e5 20. Ra4 Be6 21. f4 (21. Nxb4 $11 Nxb4 22. Rxb4) 21... exf4 (21... Nd4 $17 22. Nxb4 Bd7) 22. gxf4 (22. Nxf4 $11 Rfc8 23. Nxe6 fxe6 24. Nd3) 22... Rfe8 23. Nf2 Rbd8 (23... d5 $5) 24. Nbd3 d5 25. f5 (25. e5 {feels hotter.} Ne4 26. Bxe4 dxe4 27. Nxe4 Nd4 28. Qg2) 25... Nxe4 26. Nxe4 dxe4 27. fxe6 exd3 28. exf7+ Qxf7 {Hoping for ...Rxe1+.} 29. Rxe8+ Qxe8 30. cxd3 Qe5 31. Kh1 $132 {[%mdl 2048] White is fighting back} Qc5 32. h3 h6 33. Qe1 Ne5 34. Rxb4 Nxd3 35. Qe6+ Kh8 (35... Kf8 $5 36. Rc4 $8 (36. Rb7 $2 Qc1+ 37. Kh2 Qf4+ 38. Kg1 Qf2+ 39. Kh2 Qxg2+ {[%mdl 64] Decoy} 40. Kxg2 Nf4+ {[%mdl 64] Double Attack} 41. Kh2 Nxe6 $19) 36... Qe5 37. Qxe5 Nxe5 $11) 36. Rc4 Qf2 {Strongly threatening ...Nf4!} 37. Qe7 Rf8 38. Rd4 Qxd4 39. Qxf8+ Kh7 40. Qf5+ Kh8 41. Bd5 Ne5 42. Qc8+ Kh7 43. Qc2+ Kh8 44. Be4 {White wants to mate with Qc8+.} Kg8 45. Kg2 Kf7 46. Qe2 g6 47. Qc2 h5 48. Qe2 Kg7 49. Bc2 h4 50. b4 Qf4 51. Kh1 Qg3 52. Qh2 {Black should prevent Qxg3.} Qe3 {Threatens to win with ...Qc1+.} 53. Qg2 Qc1+ 54. Kh2 Qf4+ 55. Kh1 Qxb4 56. Qe2 Qf4 57. Qg2 Qe3 58. Be4 Kh6 59. Kh2 g5 60. Kh1 {[#]} ({White should try} 60. Ba8 $15) 60... Qf4 (60... g4 $1 $17 {[%mdl 512]} 61. hxg4 h3 62. g5+ Kh5 63. Bf3+ Nxf3 64. Qxh3+ Kg6) 61. Qe2 $15 Qg3 62. Bg2 Qc3 63. Qf1 Ng6 64. Qd1 Qf6 65. Be4 Nf4 66. Kh2 $2 (66. Qd7 $11 {and White stays safe.} Ng6 67. Qf5) 66... Qe5 $19 {( -> ...Nxh3+!)} 67. Qf3 {[#]} Nd3+ $2 (67... Kg7 $1 $19 {And now ...Qb2+ would win.} 68. Bb7 Qb2+ 69. Kg1 {[#]} Nxh3+ $1 {[%mdl 512]} 70. Qxh3 Qb6+ 71. Kh2 Qxb7 72. Qc3+ Kh6 73. Qf6+ Kh5 74. Qh8+ Kg6) 68. Kh1 $2 {[%mdl 8192]} (68. Kg1 $15 Qa1+ 69. Kh2 Qe5+ 70. Kg1 Qa1+ 71. Kh2 Qe5+) 68... Qxe4 $1 {Accuracy: White = 46%, Black = 41%.} 0-1

[Event "52nd ACCENTUS Biel Rapid 2019"]
[Site "Biel"]
[Date "2019.07.21"]
[Round "4.3"]
[White "Abdusattorov, Nodirbek"]
[Black "Leko, Peter"]
[Result "0-1"]
[WhiteElo "2598"]
[BlackElo "2674"]
[Annotator "TA"]
[PlyCount "64"]
[EventDate "2019.07.21"]
[EventType "tourn"]
[EventCountry "SUI"]
[SourceTitle "playchess.com"]
[Source "ChessBase"]
[SourceQuality "1"]

{[%evp 9,74,14,29,20,20,17,15,18,18,17,18,7,18,14,10,0,0,0,0,0,0,0,19,6,7,0,0,0,30,0,0,-8,-12,-9,-2,-12,-11,-13,-13,-22,-16,-22,-19,-49,-15,-56,-52,-158,-172,-169,-162,-164,-102,-112,-97,-117,-85,-437,-437,-437,-437,-437,-437,-433,-433,-29982,-662]} 1. d4 Nf6 2. Nf3 e6 3. Bf4 c5 4. e3 cxd4 5. exd4 b6 (5... Be7 6. Nbd2 O-O 7. Bd3 b6 8. O-O Ba6 9. Bxa6 Nxa6 10. Re1 d6 11. h3 Qd7 12. a4 Nc7 13. Bh2 {1-0 (100) Aronian,L (2767)-Giri,A (2782) chess.com INT 2018}) 6. c3 {A46: 1 d4 Nf6 2 Nf3 e6: Torre, London and Colle Systems} Be7 7. Bd3 Ba6 8. Bxa6 {The position is equal.} Nxa6 9. O-O O-O 10. a4 d6 11. Nbd2 Nc7 12. h3 a6 $146 ({Predecessor:} 12... Qd7 13. Qe2 a6 14. Ne4 Nxe4 15. Qxe4 Nd5 16. Bg5 Bxg5 17. Nxg5 {½-½ (36) Babarykin,S (2411)-Nuristani,I (2242) Moscow 2019}) 13. Qe2 b5 14. Ra2 Qd7 15. Rfa1 Qc6 16. Ne1 h6 17. Nd3 Ncd5 18. Bg3 Rfd8 19. Qd1 Nd7 20. Qb3 (20. Qe2 {with more complications.} N7f6) 20... N7b6 21. axb5 axb5 22. Rxa8 Rxa8 23. Rxa8+ Nxa8 24. Qa3 Nac7 25. Qa7 f5 26. Nf4 Kf7 27. Nxd5 Nxd5 28. Qa3 (28. Qa1 $15) 28... f4 $40 {[%mdl 128] Black wants a kill.} 29. Bh2 {[#]} b4 $1 {[%cal Rb4a3][%mdl 512]} 30. cxb4 Qc1+ (30... Qc2 $19 31. Nf1 Bf6) 31. Nf1 $17 Bf6 {Strongly threatening ...Qd1.} 32. Qa7+ Ke8 {Played: Kf7-g6} 0-1

[Event "52nd ACCENTUS Biel Rapid 2019"]
[Site "Biel"]
[Date "2019.07.21"]
[Round "4.4"]
[White "Vidit, Santosh Gujrathi"]
[Black "Georgiadis, Nico"]
[Result "1-0"]
[WhiteElo "2703"]
[BlackElo "2514"]
[Annotator "TA"]
[PlyCount "105"]
[EventDate "2019.07.21"]
[EventType "tourn"]
[EventCountry "SUI"]
[SourceTitle "playchess.com"]
[Source "ChessBase"]
[SourceQuality "1"]

{[%evp 15,105,8,14,-3,0,-2,18,24,22,0,15,8,15,-33,0,0,25,3,30,0,26,16,16,16,30,19,14,-14,82,55,49,49,43,37,253,250,249,249,235,234,229,233,247,235,243,231,230,217,229,217,222,222,254,220,295,275,277,234,283,285,291,284,299,286,257,137,159,8,8,0,0,0,0,0,43,0,0,-14,45,37,156,131,200,151,157,150,29997,372,5210,4906,4906,4862]} 1. d4 Nf6 2. c4 e6 3. g3 d5 4. Bg2 Bb4+ 5. Nd2 O-O 6. Ngf3 b6 7. O-O Bb7 8. Ne5 Be7 9. Qc2 {E16: Queen's Indian: 4 g3 Bb7 5 Bg2 Bb4+} (9. cxd5 Bxd5 10. Ndf3 Nbd7 11. Bf4 Nxe5 12. Bxe5 c5 13. Rc1 h6 14. a3 a5 15. Qa4 Qd7 16. Qxd7 Nxd7 {1-0 (40) Li,C (2755)-Topalov,V (2754) Stavanger 2016}) 9... c5 10. dxc5 Qc7 $146 ({Predecessor:} 10... bxc5 11. Nb3 Na6 12. Bg5 Qc7 13. Bxf6 Bxf6 14. Ng4 Be7 15. cxd5 exd5 16. Ne3 Rfd8 {1-0 (45) Zhao,X (2554)-Roser,K (2409) Caleta 2013}) 11. Ndf3 {The position is equal.} bxc5 12. cxd5 exd5 13. Bf4 {And now Ng6 would win.} Qb6 14. Bg5 Rd8 15. Rac1 Na6 16. Ng4 Nb4 17. Qb1 Rac8 18. a3 Na6 19. Qf5 Qe6 20. Qxe6 fxe6 21. Nge5 d4 (21... c4 $11) 22. Nc4 Bd5 23. Nfe5 $36 {[%mdl 2048] Black is under pressure.} Nb8 24. e4 Bb7 $2 (24... dxe3 $14 25. Bxe3 (25. Nxe3 Bxg2 26. Kxg2 h6 $14) 25... Nfd7) 25. Bh3 $18 Bxe4 26. Bxe6+ {[%mdl 64] Double Attack} Kf8 27. Bxc8 Rxc8 28. Rfe1 {Strongly threatening Bxf6.} Bd5 29. Nd3 Nbd7 30. Nf4 Bxc4 31. Rxc4 Nb6 32. Rc2 Kf7 33. b3 {[%cal Bb2b3,Bb3c4,Bc4c5][%mdl 32]} a5 34. a4 h6 35. Bxf6 Bxf6 36. Kg2 c4 37. bxc4 Nxa4 38. Nd3 Nc3 39. c5 a4 40. Ra1 ({White has to play} 40. Rb2 $18) 40... Ke6 {[#]} 41. Rb2 $2 (41. Nb2 $1 $16) 41... Kd5 $11 42. Rb7 Ra8 $1 43. Rb4 a3 44. Kf1 Ke4 45. Nc1 Kd5 46. Nd3 Ke4 (46... g5 $11) 47. Nf4 $14 a2 {[#]} ({Better is} 47... g5 $1 $14 48. Ne6 Nd5) 48. c6 $1 $16 Rc8 (48... g5 $16 {was necessary.} 49. c7 Rc8) 49. Ne2 {Hoping for Nxc3+.} Kd3 50. Nc1+ Kd2 $2 (50... Kc2 $16) 51. Nxa2 $2 (51. Rb2+ {mates} Kd1 52. Nxa2+ {[%mdl 64] Discovered Attack} Nb1 53. Raxb1#) 51... Ra8 $2 (51... Kd3 52. Nc1+ Ke4) 52. Rb2+ $18 Kd3 53. Nb4+ {Accuracy: White = 51%, Black = 31%.} 1-0

[Event "52nd ACCENTUS Biel Rapid 2019"]
[Site "Biel"]
[Date "2019.07.21"]
[Round "5.1"]
[White "Bogner, Sebastian"]
[Black "Vidit, Santosh Gujrathi"]
[Result "0-1"]
[WhiteElo "2584"]
[BlackElo "2703"]
[Annotator "TA"]
[PlyCount "78"]
[EventDate "2019.07.21"]
[EventType "tourn"]
[EventCountry "SUI"]
[SourceTitle "playchess.com"]
[Source "ChessBase"]
[SourceQuality "1"]

{[%evp 9,78,24,29,33,40,38,30,25,37,12,37,32,38,37,47,53,55,42,47,36,69,50,39,29,31,29,22,0,0,0,0,0,0,-11,0,0,0,-15,12,-112,-124,-108,-104,-128,-35,-65,-90,-72,0,0,0,-138,-56,-45,-54,-54,-50,-810,-794,-1189,-1187,-29982,-29983,-29992,-29993,-29993,-29994,-29994,-29995,-29995,-29995]} 1. d4 f5 2. Nf3 Nf6 3. e3 g6 4. Be2 (4. b4 e6 5. a3 a5 6. b5 b6 7. c4 Bg7 8. Bb2 O-O 9. Be2 Bb7 10. O-O Qe7 11. Nc3 d6 {0-1 (30) Aleksandrov,A (2602)-Cheparinov,I (2715) Batumi 2018}) 4... Bg7 5. O-O O-O 6. b4 {A80: Dutch Defence: Unusual White second moves} d6 7. Bb2 Qe8 8. Nbd2 $146 {White has an edge.} ({Predecessor:} 8. c4 Bd7 9. Nc3 c6 10. b5 a6 11. a4 Kh8 {0-1 (56) Piceu,T (2378)-Beukema,S (2400) Niel 2017}) 8... Nbd7 9. c4 e5 10. dxe5 Nxe5 11. Qb3 Kh8 12. Nxe5 dxe5 13. c5 e4 14. Rfd1 a5 15. b5 a4 16. Qb4 Be6 17. Nc4 Qe7 18. a3 Nd5 19. Bxg7+ Qxg7 20. Qd2 Nc3 {[%mdl 64] Threatens to win with ...Rad8. Double Attack} 21. Rdc1 Nxe2+ 22. Qxe2 Rfd8 23. b6 Rd3 24. Qc2 (24. c6 $11 {keeps the balance.}) 24... cxb6 $1 $17 25. Nxb6 Bb3 $1 {[%cal Rb3c2]} 26. Qe2 Rad8 ({Better is} 26... Ra5 $1 $17 {[%cal Ra5c5] White must now prevent ...Rxc5!} 27. Qe1 Rb5) 27. h3 Qf6 28. Qe1 {[#]} Qe6 (28... f4 $1 $17 {[%cal Rf4f3] aiming for ...f3.} 29. exf4 R8d4) 29. Qb4 $11 f4 $1 $36 {[%mdl 2048] Black has some pressure.} 30. exf4 {[#]} (30. Nxa4 $11 fxe3 31. fxe3) 30... e3 ({Black should try} 30... R8d4 $1 $17 {[%cal Rd4b4]} 31. Qe1 Rd2) 31. fxe3 $15 Qxe3+ 32. Kh1 R8d4 33. Qa5 $2 {[%mdl 8192]} (33. Qe1 $15) 33... Qxf4 $19 34. Qa8+ Rd8 35. Qxb7 Bd1 {Black mates.} 36. Nc4 {[#]} Rxh3+ $1 {[%mdl 576] Deflection} 37. gxh3 Bf3+ 38. Qxf3 Qxf3+ 39. Kg1 Qg3+ {Accuracy: White = 37%, Black = 42%.} 0-1

[Event "52nd ACCENTUS Biel Rapid 2019"]
[Site "Biel"]
[Date "2019.07.21"]
[Round "5.3"]
[White "Leko, Peter"]
[Black "Maghsoodloo, Parham"]
[Result "1/2-1/2"]
[WhiteElo "2674"]
[BlackElo "2656"]
[Annotator "TA"]
[PlyCount "78"]
[EventDate "2019.07.21"]
[EventType "tourn"]
[EventCountry "SUI"]
[SourceTitle "playchess.com"]
[Source "ChessBase"]
[SourceQuality "1"]

{[%evp 15,78,36,50,45,42,49,62,48,58,58,62,62,69,51,75,61,70,55,76,24,63,45,45,40,41,45,46,45,50,44,52,26,43,24,24,24,25,24,25,25,39,39,40,29,41,10,3,0,3,0,0,0,0,0,0,0,5,3,8,0,0,0,8,0,0]} 1. d4 f5 2. c4 Nf6 3. g3 e6 4. Bg2 c6 5. Nd2 d5 6. Nh3 Bd6 7. Qc2 O-O 8. O-O Qe7 9. Nf3 {A90: Dutch Defence: Miscellaneous and Modern Stonewall (with ...Bd6)} Ne4 10. Bf4 Nd7 11. Rac1 {White is slightly better.} b6 $146 ({Predecessor:} 11... a5 12. Rfd1 Rd8 13. e3 b6 14. cxd5 cxd5 15. Bxd6 Nxd6 16. Nf4 Bb7 {1-0 (57) Szczepanski,Z (2549)-Loschnauer,R (2469) ICCF email 2013}) 12. Bxd6 Nxd6 13. cxd5 cxd5 14. Nf4 Bb7 15. Qa4 {Hoping for Ng5!} Rfc8 16. Qa3 Kf7 17. Nd3 (17. h4 $16) 17... Kf8 18. Nfe5 (18. Rxc8+ {keeps more tension.} Rxc8 19. h4 a5 20. Nf4 Kg8 21. e3) 18... Nxe5 19. Nxe5 Rxc1 20. Rxc1 Rc8 21. Rxc8+ Nxc8 22. Qc3 Nd6 23. e3 Ba6 24. Bf1 (24. Qc6 {feels hotter.} Bb7 25. Qa4 Bc8 26. h4 Qc7 27. Bf1) 24... Bxf1 25. Kxf1 Qb7 26. Kg2 Ke8 27. h3 a5 28. g4 g6 29. b3 (29. g5 {is more complex.} Nf7 30. Nf3 Nd6 31. Qc2 Ke7 32. h4) 29... Qc8 30. Qxc8+ Nxc8 $14 {[%mdl 4096] Endgame KN-KN. The position is equal.} 31. a4 Nd6 32. f3 g5 33. Kg3 h6 34. Kf2 Ke7 35. Ke2 Ne8 36. Kd3 Nf6 37. Nc6+ Kd6 38. Ne5 Ke7 39. Nc6+ Kd6 {Accuracy: White = 54%, Black = 71%.} 1/2-1/2

[Event "52nd ACCENTUS Biel Rapid 2019"]
[Site "Biel"]
[Date "2019.07.21"]
[Round "5.4"]
[White "Shankland, Sam"]
[Black "Cori, Jorge"]
[Result "1/2-1/2"]
[WhiteElo "2713"]
[BlackElo "2686"]
[Annotator "TA"]
[PlyCount "79"]
[EventDate "2019.07.21"]
[EventType "tourn"]
[EventCountry "SUI"]
[SourceTitle "playchess.com"]
[Source "ChessBase"]
[SourceQuality "1"]

{[%evp 13,79,13,21,-15,0,-22,-22,-35,-42,-43,-37,-23,-37,-91,-86,-100,-105,-115,-95,-95,-112,-104,-103,-80,-19,-27,0,0,0,0,0,-177,0,0,0,0,0,0,20,-177,0,0,4,7,8,7,19,18,20,24,28,8,16,8,12,8,25,0,12,0,0,0,9,0,0,0,0,0]} 1. d4 Nf6 2. c4 e6 3. Nf3 Bb4+ 4. Bd2 Qe7 5. e3 O-O 6. Bd3 Bxd2+ 7. Qxd2 d6 8. Qc3 {E11: Bogo-Indian} (8. Nc3 e5 9. Bc2 Bg4 10. d5 Bxf3 11. gxf3 Nbd7 12. h4 Nb6 13. Qd3 c6 14. dxc6 bxc6 15. Ne4 Nxe4 16. fxe4 {½-½ (56) Boensch,U (2558)-Kosten,A (2524) Germany 2001}) 8... Re8 $146 ({Predecessor:} 8... Nbd7 9. O-O e5 10. Nfd2 Re8 11. Qc2 e4 12. Be2 Nf8 13. Nc3 c6 14. d5 Qe5 15. Rad1 Ng6 {1-0 (44) Kraidman,Y-Kristinsson,J Lugano 1968}) 9. Nbd2 e5 {[#] aiming for ...e4.} 10. e4 exd4 11. Nxd4 d5 12. O-O $1 c5 13. cxd5 (13. Nb5 $15 d4 14. Qa3) 13... cxd4 $17 14. Qxd4 Rd8 15. Qc3 Nbd7 16. Rfe1 Ne5 17. Be2 Bd7 18. Qd4 a6 ({Black should play} 18... Qd6 $17) 19. f4 $11 Ng6 (19... Nc6 $5 {[%cal Rc6d4]} 20. Qb6 Na7 $15) 20. d6 Qe6 (20... Bc6 $5 21. e5 $8 Qe6 $11) 21. e5 Bc6 22. h3 $2 (22. g3 $1 $11 {and White has nothing to worry.}) 22... Nh4 $2 (22... Nd5 $19 23. Bg4 f5) 23. Bf1 Nd5 24. Qf2 $1 {[%cal Rf2h4]} Qh6 25. g3 Nf5 (25... Ng6 {seems wilder.} 26. Rad1 f6 27. Nf3 Ndxf4 28. gxf4 fxe5 29. Nxe5 Nxe5 30. fxe5 Rf8) 26. Kh2 $2 {[#]} (26. Rad1 $11 {and White is okay.}) 26... Nxd6 $2 (26... f6 $1 $19 {[%cal Rf6e5] Threatens to win with ...fxe5.} 27. Bc4 Kh8 28. Bxd5 Bxd5) 27. exd6 Qxd6 28. Nc4 Qf8 29. Ne5 Rac8 30. Bc4 Be8 31. Rad1 Nf6 32. a3 Rxd1 33. Rxd1 Qe7 34. Qd4 Kf8 35. Bb3 (35. Rd2 {keeps more tension.} h6 36. b4 Kg8 37. g4 Qc7 38. Bd3) 35... Qc5 {The position is equal.} 36. Qd6+ Qxd6 37. Rxd6 Ke7 38. Rb6 Rc7 39. Rb4 b5 40. Rd4 {Accuracy: White = 51%, Black = 49%.} 1/2-1/2